[Event "Barcelona Sant Marti op-B 23rd"]
[Site "Barcelona"]
[Date "2023.07.19"]
[Round "7"]
[White "Bieg Pagel, Clemens"]
[Black "Subirana Santos, Marc"]
[Result "1/2-1/2"]
[WhiteElo "1754"]
[BlackElo "1540"]
[PlyCount "32"]
[EventDate "2023.07.13"]
[EventType "swiss"]
[EventRounds "9"]
[EventCountry "ESP"]
[SourceTitle "CBM 215 Extra"]
[Source "ChessBase"]
[SourceDate "2023.09.30"]
[SourceVersion "1"]
[SourceVersionDate "2023.09.30"]
[SourceQuality "1"]

1. e4 e6 2. Nf3 d5 3. Nc3 dxe4 4. Nxe4 Bd7 5. d4 Bc6 6. Bd3 Nd7 7. 0-0 Ngf6 8. Nxf6+ Nxf6 9. c3 Be4 10. Re1 Bxd3 11. Qxd3 c6 12. Ne5 Be7 13. Qg3 0-0 14. Bh6 Ne8 15. Bf4 Nf6 16. Bh6 Ne8 1/2-1/2

[Event "Barcelona La Lira op 14th"]
[Site "Barcelona"]
[Date "2023.05.25"]
[Round "6"]
[White "Bieg Pagel, Clemens"]
[Black "Brunet Espinosa, Roger"]
[Result "1/2-1/2"]
[WhiteElo "1770"]
[BlackElo "1603"]
[PlyCount "138"]
[EventDate "2023.04.20"]
[EventType "swiss"]
[EventRounds "9"]
[EventCountry "ESP"]
[SourceTitle "EXT 2024"]
[Source "ChessBase"]
[SourceDate "2023.10.10"]
[SourceVersion "1"]
[SourceVersionDate "2023.10.10"]
[SourceQuality "1"]

1. e4 e6 2. Nf3 d5 3. Nc3 Nf6 4. e5 Nfd7 5. d4 c5 6. dxc5 Bxc5 7. Bd3 Nc6 8. Bf4 a6 9. 0-0 b5 10. Qe2 Be7 11. a4 b4 12. Nb1 Nc5 13. Nbd2 Bb7 14. Nb3 Nxd3 15. Qxd3 Na5 16. Nbd4 Rc8 17. Bd2 Nc4 18. Bc1 Qc7 19. Re1 Nb6 20. b3 Nd7 21. Bb2 Nc5 22. Qd2 Ne4 23. Qd3 0-0 24. Ne2 Qxc2 25. Qxc2 Rxc2 26. Rab1 Rfc8 27. Nfd4 R2c7 28. Rbc1 Bc5 29. Rf1 Bb6 30. g3 Kf8 31. Kg2 Rxc1 32. Rxc1 Rxc1 33. Bxc1 Nc3 34. Bb2 Ke7 35. f3 Nxe2 36. Nxe2 f6 37. f4 d4+ 38. Kf1 d3 39. Nd4 fxe5 40. fxe5 Bxd4 41. Bxd4 Bd5 42. Bc5+ Kd7 43. Bxb4 Bxb3 44. a5 Kc6 45. Ke1 Kd5 46. h4 Kxe5 47. Bc3+ Ke4 48. Bxg7 Kf5 49. Kd2 Bc4 50. Bh6 e5 51. Ke1 Ke4 52. Kf2 Be6 53. Bd2 Bg4 54. Bh6 Kd4 55. Ke1 Kc3 56. Bd2+ Kc2 57. Be3 Kc3 58. Bd2+ Kd4 59. Kf2 e4 60. Be3+ Kc3 61. Ke1 h5 62. Bd2+ Kd4 63. Kf2 Bf3 64. Be3+ Kc3 65. Ke1 Kc2 66. Bf4 Kc3 67. Bd2+ Kd4 68. Kf2 Ke5 69. Bf4+ Kd4 1/2-1/2

[Event "Barcelona Sant Marti op 10th"]
[Site "Barcelona"]
[Date "2023.02.02"]
[Round "4"]
[White "Bieg Pagel, Clemens"]
[Black "Ramon Serrano, Francisco Javier"]
[Result "0-1"]
[WhiteElo "1762"]
[BlackElo "1955"]
[PlyCount "86"]
[EventDate "2023.01.12"]
[EventType "swiss"]
[EventRounds "9"]
[EventCountry "ESP"]
[SourceTitle "CBM 213 Extra"]
[Source "ChessBase"]
[SourceDate "2023.05.31"]
[SourceVersion "1"]
[SourceVersionDate "2023.05.31"]
[SourceQuality "1"]

1. e4 c5 2. Nc3 Nc6 3. Bb5 e6 4. Bxc6 bxc6 5. f4 d5 6. Qe2 d4 7. Nd1 Nf6 8. Nf3 Be7 9. 0-0 0-0 10. b3 a5 11. a4 Nd7 12. d3 Nb6 13. Nb2 Ba6 14. Nc4 Bxc4 15. bxc4 Nd7 16. e5 Rb8 17. Nd2 Rb4 18. Ne4 Nb6 19. Bd2 Rxa4 20. Bxa5 Rxa5 21. Rxa5 Nxc4 22. Ra6 Ne3 23. Rfa1 c4 24. dxc4 c5 25. R6a5 Qb6 26. Rb5 Qc6 27. Qf3 Kh8 28. Nxc5 Qxf3 29. gxf3 Nxc2 30. Rc1 Ne3 31. Nd7 Rd8 32. c5 d3 33. c6 d2 34. Ra1 Nd5 35. Rb7 Rc8 36. Nb6 Bc5+ 37. Kf1 Bxb6 38. Ke2 g6 39. c7 Rxc7 40. Rxc7 Bxc7 41. Ra7 Nxf4+ 42. Kxd2 Nd5 43. f4 Kg7 0-1

[Event "Barcelona Tres Peons op 22nd"]
[Site "Barcelona"]
[Date "2020.03.04"]
[Round "9"]
[White "Bieg Pagel, Clemens"]
[Black "Soto Balastegui, Victor"]
[Result "1-0"]
[WhiteElo "1803"]
[BlackElo "1724"]
[PlyCount "93"]
[EventDate "2020.01.08"]
[EventType "swiss"]
[EventRounds "9"]
[EventCountry "ESP"]
[SourceTitle "CBM 195 Extra"]
[Source "ChessBase"]
[SourceDate "2020.05.31"]
[SourceVersion "1"]
[SourceVersionDate "2020.05.31"]
[SourceQuality "1"]

1. e4 d5 2. exd5 Nf6 3. Bb5+ Bd7 4. Bc4 Bg4 5. f3 Bd7 6. Nc3 c6 7. dxc6 Nxc6 8. d4 h5 9. Bf4 Rc8 10. Bb3 a6 11. Nge2 h4 12. h3 Qb6 13. Qd2 Bf5 14. Be3 Qc7 15. Bf4 Qd7 16. Rd1 Na5 17. d5 Nxb3 18. cxb3 g6 19. Nd4 Rh5 20. d6 Bg7 21. 0-0 Kf8 22. Nxf5 Qxf5 23. dxe7+ Kg8 24. Rfe1 Re8 25. Qe3 Qa5 26. b4 Qxb4 27. Rd8 Rh8 28. Ne4 Kh7 29. Ng5+ Kg8 30. Nxf7 Qxe1+ 31. Qxe1 Kxf7 32. Rxe8 Rxe8 33. Bd6 Ng8 34. Qxh4 Bxb2 35. Qh7+ Bg7 36. g4 Nf6 37. Qh4 Ke6 38. Ba3 Nd5 39. Qe1+ Kf7 40. Qe4 Nxe7 41. Qxb7 g5 42. Qxa6 Ng6 43. Qc4+ Re6 44. Bc1 Ne5 45. Qd5 Bf6 46. Kg2 Ng6 47. Bxg5 1-0

[Event "Barcelona La Lira op 38th"]
[Site "Barcelona"]
[Date "2020.01.24"]
[Round "2"]
[White "Bieg Pagel, Clemens"]
[Black "Febrero Perez, Lluis"]
[Result "1-0"]
[WhiteElo "1803"]
[BlackElo "1385"]
[PlyCount "48"]
[EventDate "2020.01.17"]
[EventType "swiss"]
[EventRounds "8"]
[EventCountry "ESP"]
[SourceTitle "CBM 195 Extra"]
[Source "ChessBase"]
[SourceDate "2020.05.31"]
[SourceVersion "1"]
[SourceVersionDate "2020.05.31"]
[SourceQuality "1"]

1. e4 e5 2. Nf3 Nc6 3. Nc3 Nf6 4. Bb5 Qe7 5. d3 g6 6. Bg5 Bg7 7. 0-0 0-0 8. Qe2 Qc5 9. Bc4 Na5 10. Be3 Qe7 11. Bb3 Nxb3 12. axb3 b6 13. Ng5 d6 14. f4 Ng4 15. Bd2 h6 16. Nd5 Qd7 17. f5 gxf5 18. exf5 Nxh2 19. Ne4 Qd8 20. Qh5 Nxf1 21. Rxf1 c6 22. Bxh6 cxd5 23. Bxg7 f6 24. Nxf6+ Kxg7 1-0

[Event "Barcelona Tres Peons op 22nd"]
[Site "Barcelona"]
[Date "2020.01.08"]
[Round "1"]
[White "Nadal Fajardo, Ricard"]
[Black "Bieg Pagel, Clemens"]
[Result "1-0"]
[WhiteElo "2195"]
[BlackElo "1803"]
[PlyCount "39"]
[EventDate "2020.01.08"]
[EventType "swiss"]
[EventRounds "9"]
[EventCountry "ESP"]
[SourceTitle "CBM 195 Extra"]
[Source "ChessBase"]
[SourceDate "2020.05.31"]
[SourceVersion "1"]
[SourceVersionDate "2020.05.31"]
[SourceQuality "1"]

1. d4 Nf6 2. Bg5 Ne4 3. Bf4 g5 4. Be5 f6 5. e3 h5 6. Be2 g4 7. Bf4 d6 8. Bd3 f5 9. f3 Nf6 10. Nc3 Nc6 11. Qd2 Be6 12. a4 Qd7 13. Nge2 gxf3 14. gxf3 0-0-0 15. 0-0-0 h4 16. Bg5 Bg7 17. Bxf6 Bxf6 18. d5 Ne5 19. dxe6 Qxe6 20. Nd4 1-0

[Event "Barcelona Sant Marti op-B 21st"]
[Site "Barcelona"]
[Date "2019.07.21"]
[Round "9"]
[White "Bieg Pagel, Clemens"]
[Black "Iborra Polo, Eric"]
[Result "0-1"]
[WhiteElo "1881"]
[BlackElo "1539"]
[PlyCount "66"]
[EventDate "2019.07.13"]
[EventType "swiss"]
[EventRounds "9"]
[EventCountry "ESP"]
[SourceTitle "EXT 2020"]
[Source "ChessBase"]
[SourceDate "2019.10.17"]
[SourceVersion "1"]
[SourceVersionDate "2019.10.17"]
[SourceQuality "1"]

1. e4 c5 2. c3 d5 3. exd5 Qxd5 4. d4 Nc6 5. Nf3 e5 6. dxe5 Qxd1+ 7. Kxd1 Bg4 8. Bf4 Nge7 9. Bb5 0-0-0+ 10. Ke2 Ng6 11. Bg3 Ncxe5 12. Nbd2 a6 13. Ba4 Bd6 14. Ne4 Be7 15. h3 Bxf3+ 16. gxf3 b5 17. Bc2 Rhe8 18. f4 Nc6 19. Kf3 Rd5 20. Rhe1 Red8 21. a4 Kb7 22. axb5 axb5 23. c4 Nd4+ 24. Kg2 Nxc2 25. cxd5 Nxa1 26. Rxa1 Rxd5 27. Nc3 Rd2 28. Nxb5 Rxb2 29. Nc3 Bf6 30. Na4 Rb5 31. Rc1 Kc6 32. Kf3 Ra5 33. f5 Ne7 0-1

[Event "Foment Martinenc op-A 21st"]
[Site "Barcelona"]
[Date "2019.06.15"]
[Round "8"]
[White "Bieg Pagel, Clemens"]
[Black "Travesset Sagre, Jan"]
[Result "0-1"]
[WhiteElo "1802"]
[BlackElo "2019"]
[PlyCount "118"]
[EventDate "2019.04.27"]
[EventType "swiss"]
[EventRounds "9"]
[EventCountry "ESP"]
[SourceTitle "EXT 2020"]
[Source "ChessBase"]
[SourceDate "2019.10.17"]
[SourceVersion "1"]
[SourceVersionDate "2019.10.17"]
[SourceQuality "1"]

1. e4 c6 2. d4 d5 3. e5 Bf5 4. h4 h5 5. c4 dxc4 6. Bxc4 e6 7. Nc3 Ne7 8. Nge2 Ng6 9. Bg5 Be7 10. Bxe7 Qxe7 11. Ng3 Nxh4 12. Nxf5 Nxf5 13. Rxh5 Rxh5 14. Qxh5 Qb4 15. Bb3 Nd7 16. 0-0-0 g6 17. Qh8+ Qf8 18. Qxf8+ Nxf8 19. g4 Ng7 20. Ne4 Ke7 21. Nd6 Rb8 22. Rd3 Ne8 23. Nxe8 Rxe8 24. g5 Nd7 25. Bd1 Kd8 26. Rh3 Ke7 27. Kd2 Rc8 28. b4 Nb6 29. Kc3 Nd5+ 30. Kc4 Rd8 31. a4 Rc8 32. Bf3 a6 33. a5 Nc7 34. Kc5 Na8 35. Be4 Rf8 36. Rh7 Kd8 37. Kd6 Nc7 38. Kc5 Nb5 39. Bd3 Nc3 40. Kd6 Nd5 41. Bc4 Nxb4 42. Kc5 Nc2 43. Bb3 Ne1 44. Bd1 Nd3+ 45. Kb6 Kc8 46. Be2 Nxf2 47. Rh2 Ne4 48. Rg2 Nc3 49. Bd3 Rd8 50. Kc5 Nd5 51. Rf2 Rd7 52. Rh2 Kc7 53. Rb2 Nf4 54. Bf1 Nd5 55. Rb3 Ne7 56. Rb4 Rd5+ 57. Kc4 Rxa5 58. Rb3 Ra4+ 59. Kd3 Nf5 0-1